Music Quiz

Random Music or Lyrics Quiz

Picture the Song IV Quiz Stats

 Plays Quiz Updated Dec 3, 2019

Score 0/257 Timer 10:00
67 Plays Today
% Correct
I
97.7%
I
97.7%
I
97.7%
I
97.7%
I
97.7%
I
97.7%
I
97.7%
I
97.7%
I
97.7%
I
97.7%
I
97.7%
I
97.7%
I
97.7%
I
97.7%
I
97.7%
a
96.8%
a
96.8%
a
96.8%
a
96.8%
a
96.8%
a
96.8%
a
96.8%
a
96.8%
a
96.8%
a
96.8%
a
96.8%
a
96.8%
a
96.8%
a
96.8%
the
90.7%
the
90.7%
the
90.7%
the
90.7%
the
90.7%
the
90.7%
you
90.3%
you
90.3%
you
90.3%
you
90.3%
you
90.3%
you
90.3%
you
90.3%
you
90.3%
you
90.3%
you
90.3%
you
90.3%
you
90.3%
you
90.3%
you
90.3%
you
90.3%
you
90.3%
you
90.3%
you
90.3%
an
82.4%
me,
74%
me,
74%
me,
74%
and
73.5%
and
73.5%
to
72.3%
In
69.3%
In
69.3%
in
69.2%
In
69.2%
In
69.2%
it
68%
on
68%
on
68%
on
68%
on
68%
is
67.3%
can
65.4%
can
65.4%
can
65.4%
can
65.4%
my
65.2%
my
65.2%
my
65.2%
my
65.2%
my
65.2%
my
65.2%
my
65.2%
my
65.2%
my
65.2%
my
65.2%
my
65.2%
% Correct
When
61.7%
When
61.7%
When
61.7%
When
61.7%
your
60.3%
your
60.3%
your
60.3%
your
60.3%
your
60.3%
like
59.4%
like
59.4%
like
59.4%
like
59.4%
like
59.4%
like
59.4%
like
59.4%
Like
59.4%
like
59.4%
like
59.4%
like
59.4%
like
59.4%
like
59.4%
like
59.4%
like
59.4%
Like
59.4%
wanna
57.8%
wanna
57.8%
wanna
57.8%
wanna
57.8%
no
56.9%
no
56.9%
no
56.9%
hear
56%
hear
56%
hear
56%
there,
55.6%
there,
55.6%
there,
55.6%
there,
55.6%
there,
55.6%
there,
55.6%
there,
55.6%
there,
55.6%
feel
52.9%
feel
52.9%
feel
52.9%
feel
52.9%
take
50.1%
take
50.1%
take
50.1%
take
50.1%
take
50.1%
take
50.1%
take
50.1%
take
50.1%
of
49.7%
I'm
49.3%
I'm
49.3%
I'm
49.3%
I'm
49.3%
I'm
49.3%
I'm
49.3%
call
48.7%
call
48.7%
call
48.7%
call
48.7%
call
48.7%
it's
48.5%
it's
48.5%
it's
48.5%
It's
48.5%
it's
48.5%
it's
48.5%
it's
48.5%
name,
47.9%
name
47.9%
name
47.9%
name
47.9%
name
47.9%
know
45.8%
know
45.8%
know
45.8%
know
45.8%
Just
45.5%
Just
45.5%
just
45.5%
% Correct
Just
45.5%
Just
45.5%
have
44.9%
prayer,
44.6%
prayer
44.6%
prayer,
44.6%
prayer
44.6%
prayer,
44.6%
prayer
44.6%
prayer,
44.6%
prayer
44.6%
Prayer
44.6%
down
43.6%
down
43.6%
down
43.6%
down
43.6%
Life
41.4%
voice,
41.3%
voice,
41.3%
little
41.3%
little
41.3%
little
41.3%
little
41.3%
knees,
40.5%
knees,
40.5%
knees,
40.5%
knees,
40.5%
I'll
39.4%
I'll
39.4%
I'll
39.4%
I'll
39.4%
feels
38.2%
Feels
38.2%
with
37%
hour
36.9%
hour
36.9%
hour
36.9%
hour
36.9%
midnight
36.7%
midnight
36.7%
midnight
36.7%
midnight
36.7%
home,
34.6%
power,
34.4%
power,
34.4%
power,
34.4%
power,
34.4%
mystery,
33.8%
You're
33.4%
You're
33.4%
angel
33.1%
sing,
30.4%
dream,
30.3%
dream,
30.3%
must
27.9%
alone,
27.9%
everyone
27.7%
stand
27.6%
Out
27%
help
26.1%
here
25.7%
oh
25.4%
Let
24.2%
choice,
23.8%
think
23.4%
Now
23.4%
end
23.4%
Heaven
23.1%
eyes,
22.6%
eyes,
22.6%
sighing,
20.8%
close
20.5%
close
20.5%
God
20.3%
beginning,
19.8%
falling,
18.7%
flying,
18.1%
choir
17.8%
child
17.8%
child,
17.8%
whisper
17.6%
sky,
17.2%
softly
15.5%
dancing,
13.9%
control
13.5%

You're not logged in!

Compare scores with friends on all Sporcle quizzes.
OR
Log In

Sporcle TV

Today on Sporcle TV


Watch our educational content, quiz creation guides, and fun videos on Sporcle TV.

Show Comments

Extras

Top Quizzes Today


Score Distribution

Your Account Isn't Verified!

In order to create a playlist on Sporcle, you need to verify the email address you used during registration. Go to your Sporcle Settings to finish the process.

Report this User

Report this user for behavior that violates our Community Guidelines.

Details: